Points de vue de théologiens protestants, (Record no. 127451)
[ view plain ]
| 000 -LEADER | |
|---|---|
| fixed length control field | 00942cam a22002651 4500 |
| 001 - CONTROL NUMBER | |
| control field | 6613205 |
| 003 - CONTROL NUMBER IDENTIFIER | |
| control field | ARRUPE |
| 005 - DATE AND TIME OF LATEST TRANSACTION | |
| control field | 20180119114033.0 |
| 008 - FIXED-LENGTH DATA ELEMENTS--GENERAL INFORMATION | |
| fixed length control field | 750522s1967 xx 000 0 fre |
| 010 ## - LIBRARY OF CONGRESS CONTROL NUMBER | |
| LC control number | 67107825 |
| 035 ## - SYSTEM CONTROL NUMBER | |
| System control number | (OCoLC)1351968 |
| 040 ## - CATALOGING SOURCE | |
| Original cataloging agency | DLC |
| Transcribing agency | MCW |
| Modifying agency | DLC |
| 042 ## - AUTHENTICATION CODE | |
| Authentication code | premarc |
| 050 00 - LIBRARY OF CONGRESS CALL NUMBER | |
| Classification number | BX830 1962 |
| Item number | .P7 U64 |
| 082 ## - DEWEY DECIMAL CLASSIFICATION NUMBER | |
| Classification number | 262/.5 |
| 300 ## - PHYSICAL DESCRIPTION | |
| Dimensions | 23cm. |
| 245 00 - TITLE STATEMENT | |
| Title | Points de vue de théologiens protestants, |
| Remainder of title | études sur les décrets du Concile Vatican II, |
| Statement of responsibility, etc | par J. Bosc, M. Ferrier-Welti, P. Romane-Musculus, A. Roux ... [etc.] |
| 260 ## - PUBLICATION, DISTRIBUTION, ETC. (IMPRINT) | |
| Place of publication, distribution, etc | Paris, |
| Name of publisher, distributor, etc | Éditions du Cerf, |
| Date of publication, distribution, etc | 1967. |
| 300 ## - PHYSICAL DESCRIPTION | |
| Extent | 271p. |
| 440 #0 - SERIES STATEMENT/ADDED ENTRY--TITLE | |
| Title | Unam sanctam, |
| Volume number/sequential designation | 64 |
| 9 (RLIN) | 38743 |
| 504 ## - BIBLIOGRAPHY, ETC. NOTE | |
| Bibliography, etc | Bibliographical footnotes. |
| 650 ## - SUBJECT ADDED ENTRY--TOPICAL TERM | |
| Topical term or geographic name as entry element | Vatican Council, 2nd. |
| General subdivision | Decrees |
| -- | Commentaries |
| 9 (RLIN) | 17478 |
| 700 1# - ADDED ENTRY--PERSONAL NAME | |
| Personal name | Bosc, Jean. [et al] |
| 9 (RLIN) | 38744 |
| 906 ## - LOCAL DATA ELEMENT F, LDF (RLIN) | |
| a | 7 |
| b | cbc |
| c | oclcrpl |
| d | u |
| e | ncip |
| f | 19 |
| g | y-gencatlg |
| 942 ## - ADDED ENTRY ELEMENTS (KOHA) | |
| Source of classification or shelving scheme | Library of Congress Classification |
| Koha item type | Monograph ( Printed materials) |
| Withdrawn status | Lost status | Source of classification or shelving scheme | Damaged status | Not for loan | Collection code | Home library | Current library | Shelving location | Date acquired | Total Checkouts | Full call number | Barcode | Date last seen | Price effective from | Koha item type |
|---|---|---|---|---|---|---|---|---|---|---|---|---|---|---|---|
| Library of Congress Classification | Main Collection | ARRUPE LIBRARY | ARRUPE LIBRARY | Main Collection | 19/01/2018 | BX830 1962 .P7 U64 | 46600000833 | 19/01/2018 | 19/01/2018 | Monograph ( Printed materials) |